Problémy hospodárenia územnej samosprávy v Českej republike diplomová práca

Gespeichert in:
Bibliographische Detailangaben
1. Verfasser: Čelková, Klaudia
Körperschaft: Národohospodárska fakulta EU. Katedra financií
Weitere Verfasser: Belkovicsová, Daša, 1982-
Format: Buch
Sprache:Slowakisch
Veröffentlicht: Bratislava 2019
Tags: Tag hinzufügen
Keine Tags, Fügen Sie das erste Tag hinzu!

MARC

LEADER 00000nbm a2200000 4500
001 0254973
005 20190724124556.9
041 0 |a slo 
044 |a SK 
245 1 0 |a Problémy hospodárenia územnej samosprávy v Českej republike  |b diplomová práca  |c Klaudia Čelková ; školiteľ: Daša Belkovicsová 
264 1 |a Bratislava  |c 2019 
300 |a 79 s. 
100 1 |a Čelková, Klaudia 
700 1 |a Belkovicsová, Daša, 1982- 
710 2 |a Národohospodárska fakulta EU. Katedra financií